| 000 | 00695nam a22001817a 4500 | ||
|---|---|---|---|
| 005 | 20251108172412.0 | ||
| 008 | 250721s2003 xx 000 0 ara d | ||
| 082 | 1 | 4 | _a614.44/رزق |
| 100 | 1 |
_aرزق، سمير عبد الله _eمؤلف |
|
| 245 | 1 | 0 |
_aالإسعافات الأولية في حالات الطوارئ : _bالأزمات القلبية ، الجروح و الكسور ، الحروق و التسمم ، إصابات الملاعب / |
| 264 | 1 |
_aعمان : _bدار جهينة، _c2003. |
|
| 300 | _a200ص. | ||
| 650 | 1 | 7 | _aالطب الوقائي |
| 650 | 1 | 7 | _aالإسعاف الأولي |
| 650 | 1 | 7 | _aإجراءات الطوارئ |
| 942 |
_2ddc _cBK |
||
| 999 |
_c78386 _d78386 |
||